MARC details
| 000 -CABECERA |
| campo de control de longitud fija |
01839nam a2200349 a 4500 |
| 001 - NÚMERO DE CONTROL |
| campo de control |
000041671 |
| 003 - IDENTIFICADOR DEL NÚMERO DE CONTROL |
| campo de control |
DO-SdBNP |
| 005 - FECHA Y HORA DE LA ÚLTIMA TRANSACCIÓN |
| campo de control |
20240523175921.0 |
| 008 - DATOS DE LONGITUD FIJA--INFORMACIÓN GENERAL |
| campo de control de longitud fija |
131015s1999 sp 000 0 spa d |
| 020 ## - NÚMERO INTERNACIONAL ESTÁNDAR DEL LIBRO |
| Número Internacional Estándar del Libro |
8481642940 |
| 040 ## - FUENTE DE LA CATALOGACIÓN |
| Centro catalogador/agencia de origen |
DO-SdBNP |
| Lengua de catalogación |
spa |
| Centro/agencia transcriptor |
BNPHU |
| 082 ## - NÚMERO DE LA CLASIFICACIÓN DECIMAL DEWEY |
| Número de clasificación |
181 |
| Número de documento/Ítem |
F488o |
| 245 00 - MENCIÓN DE TÍTULO |
| Título |
Filosofías no occidentales / |
| Mención de responsabilidad, etc. |
edición de Miguel Cruz Hernández. |
| 260 ## - PUBLICACIÓN, DISTRIBUCIÓN, ETC. |
| Lugar de publicación, distribución, etc. |
Madrid : |
| Nombre del editor, distribuidor, etc. |
Consejo Superior de Investigaciones Científicas, |
| Fecha de publicación, distribución, etc. |
1999. |
| 300 ## - DESCRIPCIÓN FÍSICA |
| Extensión |
467 p. ; |
| Dimensiones |
24 cm. |
| 490 1# - MENCIÓN DE SERIE |
| Mención de serie |
Enciclopedia Iberoaméricana de Filosofía |
| Designación de volumen o secuencia |
19 |
| 500 ## - NOTA GENERAL |
| Nota general |
Incluye índice |
| 504 ## - NOTA DE BIBLIOGRAFÍA, ETC. |
| Nota de bibliografía, etc. |
Incluye referencias bibliográficas y notas al pie de las páginas |
| 504 ## - NOTA DE BIBLIOGRAFÍA, ETC. |
| Nota de bibliografía, etc. |
Incluye bibliografía al final de los capítulos |
| 505 0# - NOTA DE CONTENIDO CON FORMATO |
| Nota de contenido con formato |
El saber que busca el hombre / Miguel Cruz Hernández -- La filosofía china -- Filosofía de la India I. Vedismo, brahmanismo, hinduismo / Fernando Tola -- El pensamiento iranio / Carmen Dragonetti -- El pensamiento islámico oriental en la Edad Media / Rafael Ramón Guerero -- El pensamiento islámico occidental / Joaquín Lomba -- Averroes / Joseph Puig Montada -- El pensamiento islámico moderno y contemporáneo / Miguel Cruz Hernández -- La filosofía judía / Carlos del Valle -- Maimónides / -- Miguel Cruz Hernández -- El nuevo pensamiento o el renacimiento judío en el siglo XX / Reyes Mate. |
| 600 14 - PUNTO DE ACCESO ADICIONAL DE MATERIA--NOMBRE DE PERSONA |
| Nombre de persona |
MAIMONIDES, MOSES, |
| Fechas asociadas al nombre |
1135-1204 |
| 9 (RLIN) |
68465 |
| 650 #0 - PUNTO DE ACCESO ADICIONAL DE MATERIA--TÉRMINO DE MATERIA |
| Término de materia o nombre geográfico como elemento de entrada |
Filosofía asiática |
| 9 (RLIN) |
41706 |
| 650 #4 - PUNTO DE ACCESO ADICIONAL DE MATERIA--TÉRMINO DE MATERIA |
| Término de materia o nombre geográfico como elemento de entrada |
Filosofía china |
| 9 (RLIN) |
52987 |
| 650 #4 - PUNTO DE ACCESO ADICIONAL DE MATERIA--TÉRMINO DE MATERIA |
| Término de materia o nombre geográfico como elemento de entrada |
Filosofía hindú |
| 9 (RLIN) |
48510 |
| 650 #4 - PUNTO DE ACCESO ADICIONAL DE MATERIA--TÉRMINO DE MATERIA |
| Término de materia o nombre geográfico como elemento de entrada |
Filosofía árabe |
| 9 (RLIN) |
68466 |
| 650 #4 - PUNTO DE ACCESO ADICIONAL DE MATERIA--TÉRMINO DE MATERIA |
| Término de materia o nombre geográfico como elemento de entrada |
Filosofía islámica |
| 9 (RLIN) |
68467 |
| 650 #4 - PUNTO DE ACCESO ADICIONAL DE MATERIA--TÉRMINO DE MATERIA |
| Término de materia o nombre geográfico como elemento de entrada |
Filosofía judía |
| 9 (RLIN) |
68468 |
| 700 12 - PUNTO DE ACCESO ADICIONAL--NOMBRE DE PERSONA |
| Nombre de persona |
Cruz Hernández, Miguel |
| Término indicativo de función/relación |
ed. |
| 9 (RLIN) |
7734 |
| 830 #0 - PUNTO DE ACCESO ADICIONAL DE SERIE-TÍTULO UNIFORME |
| Título uniforme |
Enciclopedia Iberoaméricana de Filosofía |
| Designación de volumen o secuencia |
19 |
| 9 (RLIN) |
15735 |
| 910 ## - DATOS DE OPCIÓN DEL USUARIO (OCLC) |
| Datos de opción del usuario |
Validado. Control de calidad MFF |
| 942 ## - ELEMENTOS DE PUNTO DE ACCESO ADICIONAL (KOHA) |
| Fuente del sistema de clasificación o colocación |
Dewey Decimal Classification |
| Tipo de ítem Koha |
Libro |